| 000 | 00877cam a22002415a 4500 | ||
|---|---|---|---|
| 005 | 20260312161851.0 | ||
| 008 | 260312t2024 xxk fo 000 0 chi d | ||
| 020 | _a9781783215515 | ||
| 041 | 0 | _achi | |
| 110 | 2 |
_aRoyal Institution of Chartered Surveyors _94900 |
|
| 245 | 0 | 0 |
_aRICS 评估—— 全球标准 _h[electronic resource] |
| 246 | _aSimplified Chinese translation of RICS Valuation Global Standards | ||
| 260 |
_aLondon, _bRICS, _cDecember 2024 |
||
| 300 | _a132p. | ||
| 490 | _aRICS Red Book | ||
| 520 | _aPublished December 2024, effective from 31 Jan 2025 | ||
| 650 | 2 | 4 | _aRED BOOK |
| 650 | 2 | 4 | _aGLOBAL VALUATION STANDARDS 2022 |
| 651 | 4 | _aInternational | |
| 690 |
_aValuation _96273 |
||
| 856 | 4 | 0 |
_uhttps://www.rics.org/content/dam/ricsglobal/documents/standards/Red-Book-Global-Standards-2024-Chinese.pdf _zAvailable on RICS.org |
| 942 |
_n0 _2ddc |
||
| 999 |
_c122323 _d122323 |
||